| 000 | 00639nam a2200253Ia 4500 | ||
|---|---|---|---|
| 008 | 171120s9999 xx 000 0 und d | ||
| 020 | _a1901094138 | ||
| 050 | _a641.5 | ||
| 050 | _bO296 1997 | ||
| 100 | _aOetker, Rudolf August | ||
| 245 | 4 | _aThe encyclopedia of cooking : | |
| 245 | _ba practical guide / | ||
| 245 | _cby Rudolf August Oetker. | ||
| 260 | _aNetherlands : | ||
| 260 | _bREBO Productions, | ||
| 260 | _c1997 | ||
| 300 | _a480 pages : | ||
| 300 | _bcolored illustrations ; | ||
| 300 | _c28cm. | ||
| 500 | _aIncludes glossary and index. | ||
| 650 | _aCookery. | ||
| 650 | _aCooking. | ||
| 700 | _aTitle. | ||
| 999 |
_c345034 _d345034 |
||